Caricamento...
Kaalnoottandu
| Autore principale: | |
|---|---|
| Natura: | Printed Book |
| Pubblicazione: |
Kottayam
SPCS
2010
|
| Soggetti: |
| LEADER | 00441nam a22001337a 4500 | ||
|---|---|---|---|
| 082 | |a 320.95483 | ||
| 100 | |a Philip , Cheriyan | ||
| 245 | |a Kaalnoottandu | ||
| 260 | |a Kottayam |b SPCS |c 2010 | ||
| 300 | |a 396p | ||
| 650 | |a Political history of Kerala | ||
| 942 | |c REF | ||
| 999 | |c 290580 |d 290580 | ||
| 952 | |0 0 |1 0 |4 0 |6 320_954830000000000_PHI_K |7 0 |8 RUSA |9 330785 |a HIS |b HIS |c REF |d 2016-09-20 |g 280.00 |i 24927 |l 0 |o 320.95483 PHI / K |p HIS24927 |r 2016-09-20 |w 2016-09-20 |y REF | ||